=LDR 00000nam 2200000 4500 =001 INLIS000000000035807 =005 20130612141633 =008 ***********************************Ind** =035 ##$$0010-061300000035807 =041 ##$$a Ind =082 ##$$a 582 =090 ##$$a 582, Hid a =100 ##$$a Hidayat, Estiti B =245 ##$$a Anatomi Tumbuhan Berbiji =260 ##$$a 1995 $b Bandung =300 ##$$a 275 hlm, ilus, 25cm =850 ##$$a NBPNMAT